| 000 | 00554nam a22001697a 4500 | ||
|---|---|---|---|
| 003 | NUST | ||
| 038 | _aNusrat Nadeem | ||
| 082 | _a200 | ||
| 100 |
_aShahid, Maria Naureen _9123756 |
||
| 245 |
_aPOLITICAL CO-BRAND IMAGE & POSITIONING – A MIXED METHOD STUDY/ _cMaria Naureen Shahid |
||
| 264 |
_aIslamabad; _bNBS NUST; _c2023. |
||
| 300 |
_a364,p; _bill; _c30,cm. |
||
| 650 |
_aPhD-Business Administration _9123754 |
||
| 700 |
_aSupervisor: Dr. Waseem Hassan _9123757 |
||
| 856 | _uhttp://10.250.8.41:8080/xmlui/handle/123456789/44039 | ||
| 942 |
_2ddc _cSC |
||
| 999 |
_c609840 _d609840 |
||